000 02199nam0a2200373 4500
001 RU\NLR\BIBL_A\022111540
005 20240306114714.0
010 _a978-5-6046012-7-3
_9300
021 _aRU
_bКН-П-23-077078
_9КН-П-23-7789
035 _a(NLR Aleph) 022111540
090 _a12778945
_c12778945
100 _a20240119d2023 k y0rusy50 ca
101 0 _arus
102 _aRU
105 _aach|z|||100yy
181 0 _ai
_baxxe
182 0 _an
200 1 _aМузейный ценр "Дом А. А. Титова": от замысла к реализации
_eматериалы круглого стола, 28 октября 2022 г.
_fМинистерство культуры Российской Федерации, Государственный музей-заповедник "Ростовский Кремль"
_gсост.: Я. Е. Смирнов
203 _aТекст
_bвизуальный
_cнепосредственный
210 _aРостов
_cГосударственный музей-заповедник "Ростовский кремль"
_d2023
215 _a119 с.
_cил., портр., факс.
_d22
300 _aИзд. на средства Ивана Николаевича Синюшкина
320 _aБиблиогр.: с. 104-117 (76 назв.), в тексте и в подстроч. примеч.
600 1 _aТитов
_bА. А.
_f1844 - 1911
_gАндрей Александрович
_91029145
_3RU\NLR\AUTH\6676804
686 1 _aТ1(2)52-8
686 1 _aУ9(28)-13д
702 1 _4220
_7ca
_8rus
_aСмирнов
_bЯ. Е.
_cархеограф
_gЯрослав Евгеньевич
_9118037
_3RU\NLR\AUTH\778119
711 1 2 _a"Музейный ценр "Дом А. А. Титова": от замысла к реализации", круглый стол
_eРостов
_f2022
_9875219
_3RU\NLR\AUTH\880603368
712 0 2 _4570
_a"Ростовский кремль", государственный музей-заповедник
_9338031
_3RU\NLR\AUTH\889920931
942 _cBOOK
980 _aNB